000 01098cam a22002775a 4500
001 E149801
002 18264
008 100428s2010 xxkd f 001 0 eng d
020 _a9781907196003
035 _a(Sirsi) u149801
041 0 _aeng
050 0 4 _a692.5 $2 18
110 2 _aBuilding Cost Information Service
_91096
245 0 0 _aWessex painting and decorating price book
_b2010
250 _a17th ed.
260 _aPoole
_bBCIS
_c2009
300 _av, 176p.
_c19cm.
350 _a39
520 _aProvides guide prices for for painting and decoration in new buildings and for redecoration in existing properties. The rates are presented in the following sections: basic rates; new internal work; new external work; wall coverings; internal redecoration; external redecoration; and composite prices. Prices revised and current as to December 2009.
520 _aSupersedes 16th ed. (ISBN 9781904829898).
521 _aAdvanced
590 _aKA
651 4 _aUnited Kingdom
_y
690 _aBUILT ENVIRONMENT-BUILDING MAINTENANCE AND REFURBISHMENT-MAINTENANCE COSTS
942 _n0
999 _c110629
_d110629